[Event "Nizhnij Novgorod Dubinin Memorial 18th"]
[Site "Nizhnij Novgorod"]
[Date "2011.01.03"]
[Round "?"]
[White "Kozyrev, Daniil"]
[Black "Klimychev, Vladimir"]
[Result "1/2-1/2"]
[WhiteElo "2150"]
[BlackElo "1995"]
[PlyCount "30"]
[EventDate "2011.01.03"]
[EventType "swiss"]
[EventRounds "9"]
[EventCountry "RUS"]
[SourceTitle "EXT 2012"]
[Source "ChessBase"]
[SourceDate "2011.11.24"]
[SourceVersion "1"]
[SourceVersionDate "2011.11.24"]
[SourceQuality "1"]

1. c4 e5 2. Nc3 Nf6 3. g3 Nc6 4. Bg2 d6 5. d3 g6 6. Nf3 Bg7 7. 0-0 0-0 8. Rb1 a5 9. a3 Re8 10. Nd2 Be6 11. Nde4 Nxe4 12. Nxe4 Rb8 13. Bg5 f6 14. Bd2 Qd7 15. b4 axb4 1/2-1/2

[Event "Nizhnij Novgorod-ch"]
[Site "Nizhnij Novgorod"]
[Date "2010.03.??"]
[Round "?"]
[White "Chunakov, Valery"]
[Black "Klimychev, Vladimir"]
[Result "0-1"]
[WhiteElo "1882"]
[BlackElo "1995"]
[PlyCount "62"]
[EventDate "2010.03.13"]
[EventType "swiss"]
[EventRounds "9"]
[EventCountry "RUS"]
[SourceTitle "EXT 2022"]
[Source "ChessBase"]
[SourceDate "2021.10.06"]
[SourceVersion "1"]
[SourceVersionDate "2021.10.06"]
[SourceQuality "1"]

1. e4 c5 2. Nc3 Nc6 3. g4 g6 4. Nge2 Bg7 5. Ng3 b6 6. Bg2 Bb7 7. d3 Nd4 8. Be3 e6 9. Bxd4 cxd4 10. Nce2 Ne7 11. 0-0 0-0 12. f4 f5 13. gxf5 exf5 14. Qd2 a5 15. e5 Bxg2 16. Kxg2 d6 17. e6 Nd5 18. Rf3 Re8 19. c4 Nc7 20. a4 Na6 21. Qe1 Rxe6 22. Qf2 Qf6 23. Nf1 Rae8 24. Neg3 h5 25. Qg1 Nb4 26. Rd1 Nc2 27. Rf2 Ne1+ 28. Kh3 h4 29. Nh1 Bh6 30. Rxe1 Rxe1 31. Rg2 Kf7 0-1

[Event "Nizhnij Novgorod-ch"]
[Site "Nizhnij Novgorod"]
[Date "2010.03.??"]
[Round "?"]
[White "Klimychev, Vladimir"]
[Black "Gavrilov, Nikolay S"]
[Result "1/2-1/2"]
[WhiteElo "1995"]
[BlackElo "2057"]
[PlyCount "74"]
[EventDate "2010.03.13"]
[EventType "swiss"]
[EventRounds "9"]
[EventCountry "RUS"]
[SourceTitle "EXT 2022"]
[Source "ChessBase"]
[SourceDate "2021.10.06"]
[SourceVersion "1"]
[SourceVersionDate "2021.10.06"]
[SourceQuality "1"]

1. e4 c5 2. Nc3 Nc6 3. f4 d6 4. Bb5 a6 5. Bxc6+ bxc6 6. Nf3 Nf6 7. 0-0 g6 8. Re1 Qb6 9. d3 Bg7 10. e5 Nd5 11. exd6 Nxc3 12. Rxe7+ Kf8 13. Qe1 Be6 14. bxc3 Rd8 15. Ne5 Bf6 16. f5 Rxd6 17. Rxe6 fxe6 18. Nc4 Qd8 19. Nxd6 Qxd6 20. fxe6 Kg7 21. Ba3 Re8 22. d4 Qxe6 23. Qxe6 Rxe6 24. Bxc5 Re2 25. a3 Rxc2 26. Bb4 c5 27. Bxc5 Rxc3 28. Rd1 Kf7 29. Bb4 Rc4 30. Bc5 Ke8 31. Kf2 Rc2+ 32. Kf3 Kd7 33. Bb4 Be7 34. Rb1 Bxb4 35. Rxb4 Kc6 36. h4 Rc3+ 37. Ke4 Rxa3 1/2-1/2

[Event "Nizhnij Novgorod-ch"]
[Site "Nizhnij Novgorod"]
[Date "2010.03.??"]
[Round "?"]
[White "Korolev, Vladislav"]
[Black "Klimychev, Vladimir"]
[Result "0-1"]
[WhiteElo "1714"]
[BlackElo "1995"]
[PlyCount "68"]
[EventDate "2010.03.13"]
[EventType "swiss"]
[EventRounds "9"]
[EventCountry "RUS"]
[SourceTitle "EXT 2022"]
[Source "ChessBase"]
[SourceDate "2021.10.06"]
[SourceVersion "1"]
[SourceVersionDate "2021.10.06"]
[SourceQuality "1"]

1. e4 c5 2. Nf3 d6 3. d4 cxd4 4. Nxd4 g6 5. Be3 Bg7 6. Nc3 Nf6 7. Be2 0-0 8. Qd2 Ng4 9. Bxg4 Bxg4 10. f3 Be6 11. g4 Nc6 12. Nxc6 bxc6 13. h4 Qa5 14. h5 d5 15. Bh6 Bxc3 16. bxc3 Rfd8 17. Qd4 f6 18. e5 c5 19. Qd3 g5 20. exf6 exf6 21. Kf2 d4 22. Qe4 Re8 23. Rhe1 Qc7 24. f4 Bxg4 25. Qxe8+ Rxe8 26. Rxe8+ Kf7 27. Rf8+ Ke6 28. Re1+ Kd5 29. Rxf6 Kc4 30. cxd4 cxd4 31. Re5 Qb7 32. fxg5 Qh1 33. Bf8 Qh2+ 34. Kf1 Bh3+ 0-1

[Event "Nizhnij Novgorod-ch"]
[Site "Nizhnij Novgorod"]
[Date "2010.03.??"]
[Round "?"]
[White "Shendrik, Zhanna"]
[Black "Klimychev, Vladimir"]
[Result "1/2-1/2"]
[WhiteElo "2024"]
[BlackElo "1995"]
[PlyCount "120"]
[EventDate "2010.03.13"]
[EventType "swiss"]
[EventRounds "9"]
[EventCountry "RUS"]
[SourceTitle "EXT 2022"]
[Source "ChessBase"]
[SourceDate "2021.10.06"]
[SourceVersion "1"]
[SourceVersionDate "2021.10.06"]
[SourceQuality "1"]

1. d4 Nf6 2. Nf3 g6 3. c4 Bg7 4. Nc3 0-0 5. Bf4 d6 6. e3 Nh5 7. Bg5 h6 8. Bh4 g5 9. Nd2 Nf6 10. Bg3 Nc6 11. Be2 Bf5 12. 0-0 Bg6 13. d5 Nb8 14. Nb3 Nbd7 15. f4 gxf4 16. exf4 Ne4 17. f5 Nxc3 18. bxc3 Bh7 19. Nd4 c5 20. dxc6 bxc6 21. Nxc6 Qb6+ 22. Nd4 Ne5 23. Kh1 Rac8 24. Qa4 Nc6 25. Rab1 Qa5 26. Qxa5 Nxa5 27. Rb4 Rfd8 28. Bh4 Bxd4 29. cxd4 Nc6 30. Rb3 Nxd4 31. Rg3+ Kf8 32. Bd3 f6 33. Rh3 d5 34. c5 Kg7 35. Be1 Rh8 36. Bd2 Bg8 37. Re1 Nc6 38. Ba6 Rb8 39. Bf4 Rb4 40. Bd2 Re4 41. Bb7 Rxe1+ 42. Bxe1 Nd4 43. c6 Nxf5 44. c7 Be6 45. Rc3 Nd6 46. Ba6 Bc8 47. Be2 Bb7 48. Ra3 Ra8 49. Ba6 Bxa6 50. Rxa6 Kf7 51. Bb4 Ke6 52. Bxd6 exd6 53. Rxa7 Rc8 54. Kg1 Kd7 55. Kf2 Kc6 56. Ra3 d4 57. Ra4 Kc5 58. Ra5+ Kc4 59. Ra6 Kc5 60. Ra5+ Kc4 1/2-1/2

[Event "Nizhnij Novgorod Dubinin Memorial 17th"]
[Site "Nizhnij Novgorod"]
[Date "2010.??.??"]
[Round "?"]
[White "Pashkin, Viktor"]
[Black "Klimychev, Vladimir"]
[Result "1-0"]
[WhiteElo "1844"]
[BlackElo "2009"]
[PlyCount "95"]
[EventDate "2010.01.03"]
[EventType "swiss"]
[EventRounds "9"]
[EventCountry "RUS"]
[SourceTitle "CBM 134 Extra"]
[Source "ChessBase"]
[SourceDate "2010.03.03"]
[SourceVersion "1"]
[SourceVersionDate "2010.03.03"]
[SourceQuality "1"]

1. b3 e5 2. Bb2 Nc6 3. e3 d6 4. c4 Bf5 5. a3 Nf6 6. Nc3 Qd7 7. b4 g6 8. f3 Bg7 9. e4 Be6 10. Nd5 Nd4 11. Ne2 Nh5 12. Bxd4 exd4 13. Nef4 Nxf4 14. Nxf4 0-0 15. Rc1 c5 16. b5 Rae8 17. Be2 f5 18. Nxe6 Qxe6 19. Bd3 Qf6 20. 0-0 Re7 21. Qc2 Bh6 22. g3 f4 23. g4 Bg5 24. Rf2 Bh4 25. Rg2 Kf7 26. Bf1 Re5 27. d3 b6 28. a4 h5 29. Qa2 Qe6 30. Rcc2 Be1 31. Rce2 Bc3 32. Qb1 Qe7 33. Qc1 Ke6 34. Rc2 Bb4 35. Qd1 Kf7 36. Qe2 Rh8 37. Qf2 Qf6 38. h3 Rh7 39. Rh2 Re8 40. Qg2 Be1 41. g5 Qd8 42. h4 Re5 43. Qh3 Ke8 44. Rb2 Bb4 45. Rhg2 a6 46. Ra2 Ra7 47. Qh2 Rf7 48. bxa6 1-0

[Event "Nizhnij Novgorod-ch HL"]
[Site "Nizhnij Novgorod"]
[Date "2009.11.14"]
[Round "?"]
[White "Klimychev, Vladimir"]
[Black "Stepanushkin, Alexander"]
[Result "0-1"]
[WhiteElo "2034"]
[BlackElo "2024"]
[PlyCount "74"]
[EventDate "2009.11.14"]
[EventType "swiss"]
[EventRounds "9"]
[EventCountry "RUS"]
[SourceTitle "EXT 2022"]
[Source "ChessBase"]
[SourceDate "2021.10.06"]
[SourceVersion "1"]
[SourceVersionDate "2021.10.06"]
[SourceQuality "1"]

1. e4 c5 2. Nf3 Nc6 3. d4 cxd4 4. Nxd4 Nf6 5. Nc3 e5 6. Ndb5 d6 7. Bg5 a6 8. Na3 b5 9. Nd5 Be7 10. Bxf6 Bxf6 11. c3 Bg5 12. Nc2 0-0 13. Nce3 g6 14. Bd3 f5 15. exf5 gxf5 16. Bc2 Ra7 17. h4 Bxh4 18. Qh5 Bg5 19. Bb3 Kh8 20. a4 Rg7 21. axb5 axb5 22. Ra8 e4 23. 0-0 Ne5 24. Rfa1 f4 25. Nf1 Bh4 26. R1a7 Rxa7 27. Rxa7 Bf5 28. Rb7 Nd3 29. g3 fxg3 30. fxg3 Bg5 31. Nfe3 Bg6 32. Qd1 Bxe3+ 33. Nxe3 Qg5 34. Nf1 Qf5 35. Qe2 Bh5 36. Qg2 Qc5+ 37. Kh2 Rf2 0-1

[Event "Nizhnij Novgorod-ch HL"]
[Site "Nizhnij Novgorod"]
[Date "2009.11.14"]
[Round "?"]
[White "Vidyaev, Evgeny"]
[Black "Klimychev, Vladimir"]
[Result "1-0"]
[WhiteElo "2066"]
[BlackElo "2034"]
[PlyCount "123"]
[EventDate "2009.11.14"]
[EventType "swiss"]
[EventRounds "9"]
[EventCountry "RUS"]
[SourceTitle "EXT 2022"]
[Source "ChessBase"]
[SourceDate "2021.10.06"]
[SourceVersion "1"]
[SourceVersionDate "2021.10.06"]
[SourceQuality "1"]

1. d4 d5 2. g3 Nf6 3. Bg2 g6 4. c4 c6 5. Nf3 Bg7 6. 0-0 Nbd7 7. Nc3 0-0 8. Qb3 Qb6 9. cxd5 Qxb3 10. axb3 Nxd5 11. Nxd5 cxd5 12. Bf4 Rd8 13. Rfc1 Nf8 14. Bc7 Re8 15. Ne5 e6 16. Bd6 f6 17. Nd3 Nd7 18. Rc7 Rd8 19. Be7 Re8 20. Bb4 f5 21. e3 Nb8 22. Ne5 Bxe5 23. dxe5 Na6 24. Re7 Rxe7 25. Bxe7 Bd7 26. Bf1 Nc7 27. Rc1 Bc6 28. Bd6 Rc8 29. b4 Ne8 30. b5 Bd7 31. Rxc8 Bxc8 32. Bb8 a5 33. Ba7 a4 34. Bb6 Kf7 35. Bd8 Ng7 36. h3 Ke8 37. Bb6 Ke7 38. Bd3 Bd7 39. Bc5+ Kd8 40. b6 Bc6 41. Kf1 Ke8 42. Ke1 g5 43. Kd2 h5 44. Bd4 h4 45. gxh4 gxh4 46. Be2 Kf7 47. Ke1 Kg6 48. Kf1 f4 49. Bd3+ Kg5 50. Kg2 Nf5 51. Bxf5 Kxf5 52. Kf3 Bb5 53. Kg2 f3+ 54. Kxf3 Bf1 55. Bc5 Bxh3 56. Be7 Bg4+ 57. Kg2 h3+ 58. Kg3 Kxe5 59. f3 Bf5 60. Bd8 Kd6 61. Bc7+ Kc5 62. e4 1-0

[Event "Nizhnij Novgorod Dubinin Memorial 16th"]
[Site "Nizhnij Novgorod"]
[Date "2009.01.06"]
[Round "4"]
[White "Klimychev, Vladimir"]
[Black "Kalinin, Aleksandr Vladimiro"]
[Result "1/2-1/2"]
[WhiteElo "2062"]
[BlackElo "2110"]
[PlyCount "30"]
[EventDate "2009.01.03"]
[EventType "swiss"]
[EventRounds "9"]
[EventCountry "RUS"]
[SourceTitle "EXT 2010"]
[Source "ChessBase"]
[SourceDate "2010.11.25"]
[SourceVersion "1"]
[SourceVersionDate "2010.11.25"]
[SourceQuality "1"]

1. e4 e6 2. d4 d5 3. Nd2 dxe4 4. Nxe4 b6 5. c3 Bb7 6. f3 Nd7 7. Bf4 Ngf6 8. Bd3 Be7 9. Ne2 0-0 10. Qc2 c5 11. Nxf6+ Nxf6 12. 0-0-0 Qc8 13. Be5 c4 14. Be4 Bxe4 15. fxe4 Ng4 1/2-1/2

[Event "Nizhnij Novgorod Dubinin Memorial 15th"]
[Site "Nizhnij Novgorod"]
[Date "2008.01.??"]
[Round "?"]
[White "Mandrikov, Sergey"]
[Black "Klimychev, Vladimir"]
[Result "1-0"]
[WhiteElo "2018"]
[BlackElo "2095"]
[PlyCount "61"]
[EventDate "2008.01.??"]
[EventType "swiss"]
[EventRounds "9"]
[EventCountry "RUS"]
[SourceTitle "CBM 122 Extra"]
[Source "ChessBase"]
[SourceDate "2008.03.04"]
[SourceVersion "1"]
[SourceVersionDate "2008.03.04"]
[SourceQuality "1"]

1. e4 e5 2. Nf3 Nc6 3. d4 exd4 4. Nxd4 Nf6 5. Nxc6 bxc6 6. e5 Qe7 7. Qe2 Nd5 8. c4 Ba6 9. g3 g6 10. b3 Bg7 11. Bb2 0-0 12. Bg2 Qb4+ 13. Nd2 f5 14. 0-0 Rae8 15. Rfe1 d6 16. a3 Qb6 17. Qd1 Ne7 18. Nf3 d5 19. cxd5 cxd5 20. Ng5 Bb7 21. a4 h6 22. a5 Qa6 23. Bf1 Qc6 24. Rc1 Qd7 25. e6 Qd6 26. Bxg7 Kxg7 27. Qd4+ Rf6 28. Nh7 Ng8 29. Nxf6 Nxf6 30. Qxa7 Bc6 31. Qc5 1-0